00603nam a2200157Ia 4500008004100000100003100041245006600072245006000138260005300198260001800251300000800269650001500277856006100292999001900353952007300372170221s9999 xx 000 0 und d aJulya Vadimovna Ovcharenko aEconomic Efficiency Rating of Russian Industrial Enterprises  cJulya Vadimovna Ovcharenko, Elena Anatolyevna Bessonova bInternational Review of Management and Marketing cFebruary 2015 a4:1 xMarketing. uhttp://www.econjournals.com/index.php/irmm/issue/view/82 c310105d310105 001040aCLbCLd2017-02-21l0r2017-02-21 00:00:00w2017-02-21yFOJ